| 000 | 00727nam a2200241Ia 4500 | ||
|---|---|---|---|
| 003 | GCL | ||
| 008 | 140319s9999 xx 000 0 ara d | ||
| 040 |
_aGCL / _cGCL |
||
| 082 | 0 | 4 |
_a320 _bس ن |
| 100 | 1 | _aسعاد الشرقاوى | |
| 245 | 1 | 0 |
_aالنظم السياسية فى العالم المعاصر / _cسعاد الشرقاوى |
| 260 |
_a[S.N] : _bدار النهضة العربية ، _c1988 |
||
| 300 | _a499 ص | ||
| 490 | _a | ||
| 650 | 0 | 4 | _aالماركسية |
| 650 | 0 | 4 | _aالاشتراكية |
| 650 | 0 | 4 | _aالسياسة الدولية |
| 650 | 0 | 4 | _aالاحزاب السياسية |
| 650 | 0 | 4 | _aنظم الحكم |
| 650 | 0 | 4 | _aالراسمالية |
| 650 | 0 | 4 | _aاوربا |
| 942 |
_2ddc _cBK |
||
| 999 |
_c37033 _d37033 |
||